000 00796cam a2200241 4500
001 ABS62043
008 000000n2000 000 0 eng u
035 _a(Sirsi) u104948
245 _aWhat's in a name?
260 _c2000
490 _aEstates Gazette
_v(0011) 18 March 2000, 134-135(2)
520 _aA Mainly for Students article describing the legal forms by which small businesses can operate and summarises the advantages and disadvantages of each. Reviews the pros and cons of VAT registration.
590 _aABS
650 _aBUSINESS NAME
650 _aTRADING STATUS
650 _aTAX EFFICIENCY
650 _aMARKETABILITY
650 _aSOLE TRADERS
650 _aPARTNERSHIPS
650 _aLIMITED COMPANIES
690 _aMANAGEMENT-BUSINESS MANAGEMENT
942 _n0
999 _c62958
_d62958